[Event "Pobla de Lillet op 32nd"]
[Site "La Pobla de Lillet"]
[Date "2023.08.10"]
[Round "9"]
[White "Perez Garcia, Adria"]
[Black "Marzo Pie, Xavier"]
[Result "1-0"]
[WhiteElo "2149"]
[BlackElo "2069"]
[PlyCount "99"]
[EventDate "2023.08.02"]
[EventType "swiss"]
[EventRounds "9"]
[EventCountry "ESP"]
[SourceTitle "CBM 215 Extra"]
[Source "ChessBase"]
[SourceDate "2023.09.30"]
[SourceVersion "1"]
[SourceVersionDate "2023.09.30"]
[SourceQuality "1"]

1. e4 d6 2. d4 Nf6 3. Nc3 g6 4. Be3 c6 5. f3 b5 6. Qd2 Nbd7 7. h4 Nb6 8. a3 h6 9. d5 cxd5 10. Bxb5+ Bd7 11. Bxd7+ Qxd7 12. Bxb6 axb6 13. Nxd5 Nxd5 14. Qxd5 Rc8 15. Qd4 Rg8 16. c3 Qb5 17. 0-0-0 Bg7 18. Qd3 Qa4 19. Ne2 Bf6 20. Nd4 Kf8 21. g4 Rc5 22. f4 Bxd4 23. Qxd4 Rc4 24. Qxb6 Rxe4 25. Rd4 Qa8 26. Rhd1 Re2 27. Rb4 Qf3 28. Qd4 f6 29. Rb8+ Kg7 30. Rxg8+ Kxg8 31. Qd5+ Qxd5 32. Rxd5 Kf7 33. a4 Ke6 34. Rd4 Rh2 35. a5 Kd7 36. Ra4 Kc7 37. a6 Kb8 38. a7+ Ka8 39. b4 Rxh4 40. b5 Rh1+ 41. Kc2 Rh2+ 42. Kd3 Rb2 43. c4 Rf2 44. Kd4 h5 45. gxh5 gxh5 46. Kd5 Rg2 47. b6 Rg8 48. Kc6 Rc8+ 49. Kd7 Kb7 50. a8Q+ 1-0

[Event "La Pobla de Lillet op-A"]
[Site "La Pobla de Lillet"]
[Date "2022.08.08"]
[Round "7"]
[White "Jolly, Jean Francois"]
[Black "Marzo Pie, Xavier"]
[Result "1-0"]
[WhiteElo "2388"]
[BlackElo "2029"]
[PlyCount "37"]
[EventDate "2022.08.02"]
[EventType "swiss"]
[EventRounds "9"]
[EventCountry "ESP"]
[SourceTitle "CBM 209 Extra"]
[Source "ChessBase"]
[SourceDate "2022.09.30"]
[SourceVersion "1"]
[SourceVersionDate "2022.09.30"]
[SourceQuality "1"]

1. e4 d6 2. d4 Nf6 3. Nc3 g6 4. Nf3 c6 5. a4 Bg7 6. Be2 0-0 7. 0-0 Qc7 8. h3 e5 9. Re1 Na6 10. dxe5 dxe5 11. Bxa6 bxa6 12. a5 Rb8 13. Qe2 Nh5 14. b3 Re8 15. Ra4 Bf8 16. Bd2 Bc5 17. Qc4 Rb5 18. Raa1 Rxa5 19. Na4 1-0

[Event "ESP-ch 86th"]
[Site "Linares"]
[Date "2021.08.23"]
[Round "8"]
[White "Marzo Pie, Xavier"]
[Black "Ortega Ruiz, Jose Miguel"]
[Result "1/2-1/2"]
[WhiteElo "2078"]
[BlackElo "2322"]
[PlyCount "76"]
[EventDate "2021.08.16"]
[EventType "swiss"]
[EventRounds "9"]
[EventCountry "ESP"]
[SourceTitle "CBM 204 Extra"]
[Source "ChessBase"]
[SourceDate "2021.11.30"]
[SourceVersion "1"]
[SourceVersionDate "2021.11.30"]
[SourceQuality "1"]

1. d4 Nf6 2. c4 g6 3. Nc3 d5 4. Nf3 Bg7 5. Bg5 Ne4 6. Bh4 Nxc3 7. bxc3 dxc4 8. Qa4+ c6 9. Qxc4 Qa5 10. e3 Be6 11. Qd3 Nd7 12. Rc1 Qxa2 13. Be2 Bf6 14. 0-0 Bxh4 15. Nxh4 Qa5 16. e4 0-0 17. f4 f5 18. Qg3 Nf6 19. Ra1 Qc7 20. exf5 Ne4 21. Qe3 gxf5 22. Bd3 Rf6 23. Bxe4 fxe4 24. f5 Bd5 25. Rf4 b5 26. Rg4+ Kf7 27. Qg5 Ke8 28. Qh5+ Kd7 29. Qxh7 Rf7 30. Qh5 Qd6 31. Ng6 Kc7 32. Ne5 Rff8 33. Rg7 Rg8 34. Rh7 Qf6 35. Ng6 Rg7 36. Rh8 Rgg8 37. Rh7 Rg7 38. Rh8 Rgg8 1/2-1/2

[Event "Barcelona op"]
[Site "Barcelona"]
[Date "2020.07.18"]
[Round "8.4"]
[White "Bernado Lopez, Roger"]
[Black "Marzo Pie, Xavier"]
[Result "0-1"]
[WhiteElo "2291"]
[BlackElo "2241"]
[PlyCount "58"]
[EventDate "2020.07.11"]
[EventType "swiss"]
[EventRounds "9"]
[EventCountry "ESP"]
[SourceTitle "EXT 2024"]
[Source "ChessBase"]
[SourceDate "2023.10.10"]
[SourceVersion "1"]
[SourceVersionDate "2023.10.10"]
[SourceQuality "1"]

1. e4 d6 2. d4 Nf6 3. Nc3 g6 4. f4 Bg7 5. Nf3 0-0 6. Bd3 Nc6 7. e5 dxe5 8. fxe5 Nh5 9. Be3 Bg4 10. Be2 f6 11. exf6 Nxf6 12. 0-0 Qd7 13. Qd2 Bxf3 14. Bxf3 Ng4 15. Bxg4 Qxg4 16. Rxf8+ Rxf8 17. Rd1 e5 18. h3 Qh4 19. Bf2 Qe7 20. d5 Nd4 21. Ne2 Nf5 22. Qa5 e4 23. Bc5 Qg5 24. Qxa7 Nh4 25. g3 Rf3 26. Qb8+ Bf8 27. Qxc7 Bxc5+ 28. Qxc5 Rxg3+ 29. Kf1 Rf3+ 0-1

[Event "Barcelona Sant Andreu FM"]
[Site "Barcelona"]
[Date "2019.11.09"]
[Round "7"]
[White "Perez Garcia, Adria"]
[Black "Marzo Pie, Xavier"]
[Result "1-0"]
[WhiteElo "2177"]
[BlackElo "2123"]
[PlyCount "47"]
[EventDate "2019.09.14"]
[EventType "tourn"]
[EventRounds "9"]
[EventCountry "ESP"]
[SourceTitle "CBM 195 Extra"]
[Source "ChessBase"]
[SourceDate "2020.05.31"]
[SourceVersion "1"]
[SourceVersionDate "2020.05.31"]
[SourceQuality "1"]

1. e4 d6 2. d4 Nf6 3. Nc3 g6 4. Be3 a6 5. h3 Bg7 6. f4 0-0 7. Nf3 b5 8. e5 Nh5 9. Kf2 f6 10. exd6 e5 11. dxe5 Bb7 12. e6 cxd6 13. Nd5 Re8 14. g4 Qc8 15. e7 Qc6 16. c4 f5 17. gxh5 Nd7 18. Bd4 Nc5 19. Bxg7 Ne4+ 20. Kg2 Kxg7 21. Qd4+ Kh6 22. Ng5 Rxe7 23. Nxe7 Nxg5+ 24. Nxc6 1-0

[Event "Barcelona Sant Andreu FM"]
[Site "Barcelona"]
[Date "2019.10.26"]
[Round "6"]
[White "Marzo Pie, Xavier"]
[Black "Sanglas Clariana, Josep"]
[Result "0-1"]
[WhiteElo "2123"]
[BlackElo "2193"]
[PlyCount "112"]
[EventDate "2019.09.14"]
[EventType "tourn"]
[EventRounds "9"]
[EventCountry "ESP"]
[SourceTitle "CBM 195 Extra"]
[Source "ChessBase"]
[SourceDate "2020.05.31"]
[SourceVersion "1"]
[SourceVersionDate "2020.05.31"]
[SourceQuality "1"]

1. d4 e6 2. c4 f5 3. Nf3 Nf6 4. Bf4 Be7 5. Qc2 b6 6. h3 Bb7 7. e3 0-0 8. Nbd2 Ne4 9. Bd3 Nxd2 10. Qxd2 d6 11. Qe2 Nd7 12. Bh2 e5 13. Bc2 g6 14. 0-0-0 e4 15. Nd2 Bh4 16. Kb1 Qe7 17. Ba4 a6 18. c5 Bd5 19. cxd6 cxd6 20. Rc1 b5 21. Bb3 Bxb3 22. Nxb3 Rfc8 23. Rc2 Nb6 24. Rhc1 Nc4 25. Rxc4 bxc4 26. Rxc4 Qd7 27. Bf4 a5 28. Nd2 d5 29. Rxc8+ Rxc8 30. Nb3 Qc6 31. Qd2 Qc4 32. Nc5 Qf1+ 33. Kc2 Qxf2 34. Qxf2 Bxf2 35. Kd2 Bh4 36. a3 Be7 37. b4 axb4 38. axb4 g5 39. Be5 Kf7 40. Na6 Rc6 41. Nc5 Rb6 42. Kc3 Bd6 43. g3 h5 44. Kb3 h4 45. gxh4 Bxe5 46. dxe5 g4 47. hxg4 fxg4 48. Na4 Rc6 49. b5 Rc8 50. Nc3 Ke6 51. Ne2 Kxe5 52. Kb4 Rc2 53. Nf4 g3 54. Nh3 Kd6 55. h5 Rh2 56. Nf4 g2 0-1

[Event "ESP-ch U18"]
[Site "Salobrena"]
[Date "2019.07.26"]
[Round "8"]
[White "Marzo Pie, Xavier"]
[Black "Guerra Rivera, Salvador"]
[Result "0-1"]
[WhiteElo "2202"]
[BlackElo "2355"]
[PlyCount "66"]
[EventDate "2019.07.22"]
[EventType "swiss"]
[EventRounds "9"]
[EventCountry "ESP"]
[SourceTitle "CBM 191 Extra"]
[Source "ChessBase"]
[SourceDate "2019.09.30"]
[SourceVersion "1"]
[SourceVersionDate "2019.09.30"]
[SourceQuality "1"]

1. d4 d6 2. c4 e5 3. d5 f5 4. e4 fxe4 5. Nc3 Nf6 6. Nge2 Bf5 7. Ng3 Bg6 8. Bg5 Be7 9. Bxf6 gxf6 10. h4 h6 11. Be2 0-0 12. Bh5 Qe8 13. Qg4 Kh7 14. Nf5 Bd8 15. Bxg6+ Qxg6 16. Qxe4 Nd7 17. b4 Rg8 18. f3 Kh8 19. h5 Qxg2 20. 0-0-0 a5 21. Ne2 axb4 22. Rhg1 Rxa2 23. Rxg2 Rxg2 24. Rd2 Ra1+ 25. Kb2 Ra3 26. Nh4 Rg5 27. Kb1 Nc5 28. Qc2 f5 29. Rd1 Bf6 30. Kc1 Nb3+ 31. Kb1 e4 32. Nd4 Nxd4 33. Qb2 Rb3 0-1

[Event "ESP-ch U18"]
[Site "Salobrena"]
[Date "2019.07.25"]
[Round "6"]
[White "Aledo Yanguas, David"]
[Black "Marzo Pie, Xavier"]
[Result "0-1"]
[WhiteElo "2020"]
[BlackElo "2202"]
[PlyCount "78"]
[EventDate "2019.07.22"]
[EventType "swiss"]
[EventRounds "9"]
[EventCountry "ESP"]
[SourceTitle "CBM 191 Extra"]
[Source "ChessBase"]
[SourceDate "2019.09.30"]
[SourceVersion "1"]
[SourceVersionDate "2019.09.30"]
[SourceQuality "1"]

1. e4 d6 2. d4 g6 3. Nc3 Bg7 4. Bc4 c6 5. Nf3 Nf6 6. 0-0 d5 7. e5 dxc4 8. exf6 exf6 9. Re1+ Be6 10. d5 cxd5 11. Qxd5 Qxd5 12. Nxd5 Na6 13. Nd4 0-0-0 14. Nxe6 fxe6 15. Ne3 c3 16. bxc3 f5 17. Bb2 Nc5 18. a4 Rd2 19. Bc1 Rd7 20. Nd1 h6 21. f3 Rhd8 22. Be3 Nxa4 23. Bxa7 Nxc3 24. Bb6 Ne2+ 25. Rxe2 Bxa1 26. Nf2 Re8 27. c3 Rd6 28. Bd4 Rc6 29. Nd1 Rd8 30. Ra2 Ra6 31. Rxa6 bxa6 32. f4 Bxc3 33. Nxc3 Rxd4 34. g3 Rd2 35. Na4 a5 36. Nc5 Rd5 37. Nxe6 a4 38. Nf8 a3 39. Nxg6 Rd1+ 0-1

[Event "ESP-ch U18"]
[Site "Salobrena"]
[Date "2019.07.22"]
[Round "1"]
[White "Marzo Pie, Xavier"]
[Black "Garcia Payas, Alex"]
[Result "1-0"]
[WhiteElo "2202"]
[BlackElo "1808"]
[PlyCount "73"]
[EventDate "2019.07.22"]
[EventType "swiss"]
[EventRounds "9"]
[EventCountry "ESP"]
[SourceTitle "CBM 191 Extra"]
[Source "ChessBase"]
[SourceDate "2019.09.30"]
[SourceVersion "1"]
[SourceVersionDate "2019.09.30"]
[SourceQuality "1"]

1. d4 Nf6 2. c4 e6 3. Nc3 Bb4 4. Qc2 0-0 5. a3 Bxc3+ 6. Qxc3 Ne4 7. Qc2 f5 8. Nh3 d6 9. f3 Nf6 10. e3 e5 11. dxe5 dxe5 12. Be2 c5 13. 0-0 Nc6 14. Nf2 Be6 15. b3 Qe7 16. Bb2 Rad8 17. Rad1 Nd7 18. Rfe1 Rf6 19. f4 Rh6 20. Nh3 Qh4 21. Bf1 e4 22. Qc3 Qe7 23. Qc2 Bf7 24. Rd2 Nf8 25. Red1 Rdd6 26. Qc3 Rdg6 27. Ng5 Rxg5 28. fxg5 Qxg5 29. b4 Bh5 30. Be2 Bf3 31. Bxf3 exf3 32. g3 Ne6 33. b5 Ne7 34. Qe5 Kf7 35. Rf2 Qh5 36. Rd7 Rg6 37. e4 1-0

[Event "Foment Martinenc op-A 21st"]
[Site "Barcelona"]
[Date "2019.05.18"]
[Round "4"]
[White "Marzo Pie, Xavier"]
[Black "Alvarez Albiol, Victor"]
[Result "1-0"]
[WhiteElo "2114"]
[BlackElo "2128"]
[PlyCount "81"]
[EventDate "2019.04.27"]
[EventType "swiss"]
[EventRounds "9"]
[EventCountry "ESP"]
[SourceTitle "EXT 2020"]
[Source "ChessBase"]
[SourceDate "2019.10.17"]
[SourceVersion "1"]
[SourceVersionDate "2019.10.17"]
[SourceQuality "1"]

1. d4 Nf6 2. c4 c5 3. d5 b5 4. cxb5 a6 5. bxa6 g6 6. Nc3 Bg7 7. e4 0-0 8. e5 Ne8 9. Nf3 d6 10. Bf4 Nd7 11. exd6 Nxd6 12. Be2 Qb6 13. Qc2 Bxa6 14. 0-0 Rfb8 15. Rab1 Bxe2 16. Qxe2 Bxc3 17. Qxe7 Nf5 18. Qxd7 Rb7 19. Qc6 Qxc6 20. dxc6 Rxb2 21. c7 Ne7 22. Rfc1 Raxa2 23. Ra1 Bf6 24. h3 Rxf2 25. Rxa2 Rxa2 26. Rxc5 Nc8 27. Rd5 Kg7 28. Rd8 Ra8 29. Kh2 h6 30. Ne5 g5 31. Bg3 Bxe5 32. Bxe5+ f6 33. Bd4 Kg6 34. g4 Kg7 35. Kg2 Ra2+ 36. Kf3 Ra3+ 37. Ke4 Ra8 38. Kf5 Ra5+ 39. Ke6 Ra6+ 40. Kd7 Nd6 41. Ke7 1-0

[Event "Barcelona Sant Marti op-A 20th"]
[Site "Barcelona"]
[Date "2018.07.18"]
[Round "6"]
[White "Marzo Pie, Xavier"]
[Black "Anadkat, Kartavya"]
[Result "1-0"]
[WhiteElo "2206"]
[BlackElo "1910"]
[PlyCount "91"]
[EventDate "2018.07.13"]
[EventType "swiss"]
[EventRounds "9"]
[EventCountry "ESP"]
[SourceTitle "CBM 185 Extra"]
[Source "ChessBase"]
[SourceDate "2018.07.29"]
[SourceVersion "1"]
[SourceVersionDate "2018.07.29"]
[SourceQuality "1"]

1. d4 Nf6 2. c4 e6 3. Nc3 Bb4 4. Qc2 d6 5. a3 Bxc3+ 6. Qxc3 b6 7. Bg5 Bb7 8. Nf3 Nbd7 9. Nd2 h6 10. Bh4 0-0 11. f3 Rc8 12. e3 e5 13. Bd3 exd4 14. Qxd4 Qe7 15. Bf5 Rce8 16. Bxd7 Qxd7 17. Bxf6 gxf6 18. 0-0-0 Qf5 19. e4 Qe5 20. Qd3 Bc8 21. g4 b5 22. cxb5 Be6 23. Nb3 Rb8 24. Nd4 Bd7 25. Rd2 Bxb5 26. Qc3 Rb6 27. Rg1 Rfb8 28. Rg3 Qf4 29. Nf5 d5 30. Ne7+ Kg7 31. Nxd5 Qg5 32. Nxb6 Rxb6 33. Kb1 Rc6 34. Rd5 Qh4 35. Qd2 Rd6 36. Rxd6 cxd6 37. Ka1 Bc4 38. f4 Be6 39. Qf2 Kf8 40. h3 h5 41. gxh5 Qxh5 42. Qd2 Qc5 43. f5 Bc4 44. Rc3 Qb5 45. Qxd6+ Ke8 46. Rg3 1-0

[Event "Foment Martinenc op-A 20th"]
[Site "Barcelona"]
[Date "2018.04.28"]
[Round "2"]
[White "Marzo Pie, Xavier"]
[Black "Rius Colomer, Luis Albert"]
[Result "0-1"]
[WhiteElo "1993"]
[BlackElo "1886"]
[PlyCount "76"]
[EventDate "2018.04.21"]
[EventType "swiss"]
[EventRounds "9"]
[EventCountry "ESP"]
[SourceTitle "CBM 184 Extra"]
[Source "ChessBase"]
[SourceDate "2018.06.28"]
[SourceVersion "1"]
[SourceVersionDate "2018.06.28"]
[SourceQuality "1"]

1. d4 d5 2. c4 e6 3. Nf3 c5 4. cxd5 exd5 5. Nc3 Nc6 6. Bf4 Nf6 7. e3 a6 8. Be2 Be7 9. 0-0 0-0 10. dxc5 Bxc5 11. Bg5 Be7 12. Nd4 h6 13. Bh4 Be6 14. Bf3 Qb6 15. Na4 Qa7 16. Rc1 Nxd4 17. exd4 Rac8 18. Qd3 b5 19. Bxf6 Bxf6 20. Nc5 Qb6 21. b4 g6 22. Rfe1 Bf5 23. Qc3 Qd6 24. Red1 Bg5 25. Ra1 Rfe8 26. a4 Be4 27. Bg4 Rc7 28. f3 Bf5 29. Bxf5 Be3+ 30. Kh1 gxf5 31. Qd3 Qf4 32. axb5 axb5 33. Qxb5 Rce7 34. Qd3 Bxd4 35. g3 Qe3 36. Qxd4 Qxf3+ 37. Kg1 Re2 38. Qxd5 Qf2+ 0-1